Представление документа в формате MARC21

Поле Инд. ПП Название Значение
Тип записи a
Библиографический уровень b
001 Контрольный номер RU/IS/BASE/128606312
005 Дата корректировки 20200610181737.7
084 a Индекс другой классификации/Индекс ББК 60.524.126.3
a Индекс другой классификации/Индекс ББК 39.2
a Индекс другой классификации/Индекс ББК 65.37-72
100 1_ a Автор Ахиезер А. С.
100 1_ a Автор Гольц Г. А.
245 a Заглавие Неэффективность решений как фактор дезорганизации общества
b Продолж. заглавия (на примере транспортной системы России)
504 a Библиография Библиогр.: с. 50
650 a Основная рубрика железнодорожный транспорт
a Основная рубрика социология
a Основная рубрика транспорт
a Основная рубрика экономика
a Основная рубрика экономика транспорта
653 a Ключевые слова дезорганизация общества
a Ключевые слова железные дороги
a Ключевые слова культура принятия решений
a Ключевые слова принятие решений
a Ключевые слова Россия
a Ключевые слова социально-экономическое развитие
a Ключевые слова социальные изменения
a Ключевые слова социокультурные изменения
a Ключевые слова строительство дорог
a Ключевые слова техника
a Ключевые слова транспортная система
773 t Заглавие источника Общественные науки и современность
d Дата издания источника 2003
g Прочая информация № 6. - С. 41 - 50
w Контрольный № источника RU/IS/BASE/123862077
901 t Тип документа b